9 Fictional American male characters (TV) Quiz Stats

Quiz not verified by Sporcle

Challenge
Share
Tweet
Score 0/9 Timer 01:00
8 Plays Today
% Correct
Homer Simpson
99.2%
Dr. House
99.2%
Superman
99.1%
Captain America
98.5%
Tony Soprano
98.1%
Jack Bauer
96.9%
Napoleon Dynamite
96.7%
Eric Cartman
96.6%
Mitch Buchannon
92.5%

You're not logged in!

Compare scores with friends on all Sporcle quizzes.
Join for Free
OR
Log In

You Might Also Like...

Show Comments

Extras

Top Quizzes Today


Score Distribution

Your Account Isn't Verified!

In order to create a playlist on Sporcle, you need to verify the email address you used during registration. Go to your Sporcle Settings to finish the process.

Report this User

Report this user for behavior that violates our Community Guidelines.

Details: